00541nam a2200205Ia 450000500170000000800460001703700110006304000080007404000080008204000080009004100080009804100080010608400080011410000400012224500730016226000090023530000100024465000120025470000690026620260430150031.0008 250103s9999 xx 000 0 eng d aTheses aCRL beng ceng 2eng aeng qCRL aPuvvadi Venu Au.; Tyagi Jaya S. Gu. 0aArchaeology of swarnamukhi and kalangi river valleys, Andhra Pradesh c2022 a253p. aHistory aUniversity of Delhi. Faculty of Social Science. Deptt of History